000 00541nam a22001817a 4500
005 20231116131224.0
008 231116b |||||||| |||| 00| 0 eng d
020 _a070210910 X
041 _aEnglish
082 _a343.9 VOS
100 _aVos, WJ
_lEnglish
245 _aPrinciples of South African Water Law /
_cWJ Vos
250 _aSecond Edition
260 _aCape Town :
_bJuta and Company Ltd,
_c1978
300 _bxxii, 263 pages ;
_c26 cm.
650 _aLegal practice
_bLaw
942 _cBK
_6ALISON_BN_VRIES
999 _c734
_d734